| 000 | 00520nam a2200193 i 4500 | ||
|---|---|---|---|
| 001 | bgj | ||
| 100 | 1 | _aPFEIFFER, Johannes. | |
| 245 | 1 | 0 |
_aUmgang mit Dichtung : _beine Einführung in das Verständnis des Dichterischen / _cvon Johaness Pfeiffer. |
| 250 | _aWyd. 6. | ||
| 260 |
_aLeipzig : _bVerlag von Felix Meiner, _c1949. |
||
| 300 |
_a95 s. ; _c21 cm. |
||
| 650 | 9 | _aLiteratura | |
| 040 | _cBPK | ||
| 041 | 0 | _ager | |
| 044 | _aDEU | ||
| 080 | _a82 | ||
| 942 | _cKS | ||
| 008 | s gw f |000 0 ger | ||
| 999 |
_c50467 _d50467 |
||
| 856 |
_uhttp://koha.tu.koszalin.pl/cgi-bin/koha/opac-detail.pl?biblionumber=50467 _yKatalog online BPK |
||